Państwa mające dostęp do Oceanu Arktycznego - Statystyki

Ogólne statystyki
  • Ten quiz został rozwiązany 50 razy
  • Średni wynik to 5 z 5
Statystyki odpowiedzi
Państwo % Poprawnych
Kanada
100%
Rosja
98%
Norwegia
96%
Stany Zjednoczone
96%
Islandia
93%
Nie znaleziono quizów pasujących do podanych kryteriów
Rozkład punktacji
Procent ludzi z każdym wynikiem
Percentyl według liczby udzielonych odpowiedzi
Twoja historia wyników
Nie rozwiązałeś tego quizu